Magical Creatures Pt 1 - Statistics

General Stats
  • This quiz has been taken 11 times
  • The average score is 5 of 31
Answer Stats
Answer % Correct
Centaur
73%
Minotaur
36%
Bucentaur (Cattle)
27%
Cervitaur (Deer)
27%
Vulpitaur (Fox)
27%
Faun
18%
Lupitaur (Wolf)
18%
Neko'tan (Cat)
18%
Simiataur (Monkey)
18%
Apisataur (Bee)
9%
Arachnitaur (Spider)
9%
Cygnataur (Swan)
9%
Cynocephalus
9%
Elephantitaur (Elephant)
9%
Encantado
9%
Girtablilû
9%
Harpy
9%
Kolbritaur (Hummingbird)
9%
Lacertataur (Lizard)
9%
Lapicentaur (Rabbit)
9%
Leotaur (Lion)
9%
Nāga
9%
Onocentaur (Donkey)
9%
Papiliotaur (Butterfly)
9%
Pavitrice (Peafowl)
9%
Pilivesataur (Dragonfly)
9%
Piscitaur (Fish)
9%
Satyr
9%
Tineataur (Moth)
9%
Ursataur (Bear)
9%
Vespastaur (Wasp)
9%
No matching quizzes found
Score Distribution
Percent of People with Each Score
Percentile by Number Answered
Your Score History
You have not taken this quiz